000 00737nam a2200265Ia 4500
003 OSt
005 20220918221331.0
006 a|||||r|||| 00| 0
007 ta
008 220917b |||||||| |||| 00| 0 eng d
024 _a149,436
037 _cTextual
040 _aARTS
_cARTS
_beng
041 _2eng
_aeng
082 _aT1:3 (P), M1
100 _aWells Gordon
_946700
245 0 _aLearning through interaction
_b the study of language development
260 _aCambridge
_bCUP
_c1981
300 _a304p.
_ccm.
490 _aLanguage at home and at schol; 1
500 _aApp 277-82p; Bib 283-98p
650 _aEDUCATION
942 _hT1:3 (P), M1
_cTEXL
_2CC
999 _c272102
_d272102